| 000 | 01027nam a2200301Ia 4500 | ||
|---|---|---|---|
| 003 | GCL | ||
| 008 | 140319s9999 xx 000 0 ara d | ||
| 020 | _a510032977 | ||
| 040 |
_aGCL / _cGCL |
||
| 082 | 0 | 4 |
_a657.42 _bا م |
| 100 | 1 | _aاسماعيل يحيى التكريتى | |
| 245 | 1 | 0 |
_aمحاسبة التكاليف بين النظرية والتطبيق / _cاسماعيل يحيى التكريتى |
| 250 | _aالاولى | ||
| 260 |
_aسوريا : _bدار الحامد للنشر والتوزيع ، _c2006 |
||
| 300 |
_a276 ص ؛ _c24 سم |
||
| 650 | 0 | 4 | _aمحاسبة التكاليف |
| 650 | 0 | 4 | _aادارة الانتاج |
| 650 | 0 | 4 | _aالمحاسبة الادارية |
| 650 | 0 | 4 | _aضبط الانتاج |
| 650 | 0 | 4 | _aالاجور |
| 650 | 0 | 4 | _aالتكاليف الصناعية |
| 650 | 0 | 4 | _aضبط التكاليف |
| 650 | 0 | 4 | _aالانتاج |
| 650 | 0 | 4 | _aالاداء القياسى |
| 650 | 0 | 4 | _aتخطيط الانتاج |
| 650 | 0 | 4 | _aالاجور - محاسبة |
| 942 |
_2ddc _cBK |
||
| 999 |
_c8509 _d8509 |
||